000 00642nam a2200241Ia 4500
005 20250425162624.0
008 250425s9999 xx 000 0 und d
020 _a9781410000000
041 _aspa
082 _a709
100 _aKINDERSLEY, DORLING
245 0 _aARTE : LA GUÍA VISUAL DEFINITIVA 1400-1600
250 _a1A ED.
260 _aLONDON
260 _aReino Unido
_bDORLING KINDERSLEY
_c2010
300 _a88
500 _aTítulo Traducido: ART : THE DEFINITIVE VISUAL GUIDE
650 _aARTE DE ORIENTE
650 _aRENACIMIENTO
700 _aKINDERSLEY, DORLING
_etraductor
942 _c01
010 _a90737
999 _c233044
_d233044